00243nam a2200097Ia 4500008004100000100001700041245006000058260001000118260000900128300000800137170620s9999 xx 000 0 und d aSharma- A.K. 0aSCIENTIFIC TECHNIQUES OF COACHING IN PHYSICAL EDUCATION balpha c2008 a208